The Ultimate Secret Lives of Mormon Wives Quiz - Statistics

General Stats
  • This quiz has been taken 203 times
    201 since last reset
  • The average score is 19 of 30
Answer Stats
Hint Answer % Correct
The name of TikTok group the wives formed Momtok
99%
The so-called leader of the group, at least in season 1 Taylor
98%
The catalyst for the scandal around said group Swinging scandal
87%
Which husband freaked out after the girls went to a male stripper show at Chippendales? Zac
83%
Which celebrity-centered talent TV show did Whitney and Jen join? Dancing with the Stars
82%
Which soda shop do the girls frequent? Swig
78%
Which girl in the group dated brothers, one of which being Miranda's ex-husband? Layla
76%
Jen was accused of clout-chasing after mistakenly claiming her husband was related to this celebrity Ben Affleck
75%
What man caused a lot of drama for Jessi and Demi's relationships in Season 3? Marciano
75%
What is the name of Jessis hair salon? JZ Styles
74%
Which absent OG Mommy came to the show in Season 2? Miranda
74%
Which drugs have the girls found loopholes to do? Ketamine and laughing gas
73%
What device do the girls pull out every brand trip to attempt to "clear things up", when in reality it brings up more drama each time? The truth box
71%
Which mom was impregnated by her then 21-year-old future husband at age 16? Mikayla
69%
Who's husband looks like deceased right-wing political podcaster Charlie Kirk? Mayci
68%
Who is the oldest member of the Mormon Wives? Jessi
66%
At the end of Season 1, what is Mayci investigating Taylor's boyfriend Dakota for? Cheating, lying
65%
What crime does Taylor get arrested for in Season 1 Episode 1? Domestic violence
63%
Which town to the girls live in? Provo, Utah
61%
What was the name of the more promiscuous subgroup in Season 1 that consists of Jessi, Demi, Taylor and Layla? The Sinners
55%
What was the name of the other, more innocent group, consisting of Mikayla, Mayci, Whitney and Jen? The Saints
54%
Which husband has been exposed for (allegedly) liking to drink urine? Bret
52%
What newer, more paternal group starts to take up more screentime in Season 3? DadTok
51%
What brand of prenatal vitamins did Mayci launch in Season 2? Babymama
49%
At which festival did Taylor and Dakota rekindle their romance, while the other girls met Lana Del Ray? Stagecoach
39%
How many children do the girls have combined as of Season 3 (counting adoption)? 16
37%
Which scandal during a girls trip left Demi in tears, while Mayci and Mikayla wanted to share exciting news? Pregnancy roulette
36%
After a scandal involving Taylor's social media post from which awards show did Demi launch a coup against her? Country Music Awards
24%
What incident goes down between Chase and Demi at Jessi's halloween party? Shovegate
24%
What iconic line does Chase deliver as he finally leaves the party? "Don't make fun of my podcast"
1%
No matching quizzes found
Score Distribution
Percent of People with Each Score
Percentile by Number Answered
Your Score History
You have not taken this quiz since the last reset